MDQL
is popping MORE tags! Check the
thread
!
Quizzes
Events
Quiz Creation
Community
Videos
Private Events
Remove Ads
Sign In
Join for FREE
Feedback
Dark Mode
Quiz Categories
Sports
Geography
Music
Movies
Television
Just For Fun
Miscellaneous
History
Literature
Language
Science
Gaming
Entertainment
Religion
Holiday
For Kids
Quiz Lab
Recent
Popular Today
Quiz Kudos Today
Editor Picks
Curator Picks
Quizzes by...
Day
Popularity
Type
Ratings
Length
Year
Community
Subscriptions
Recent Discussions
Orange Saloon
Badges
Playlists
Quests
Create
Leaderboards
Showdown
Live 5
Trivia Bingo
Activity
Puzzle Library
Sporcle Events
Private Events
Virtual Trivia
Globe League
Become a Host
Pub Owners
SporcleCon
Opinionation
Our Games
Videos
Blog
Mobile Apps
Partnerships
Remove Ads and Go Orange
Feedback
Sports
Athletes
MLB
NBA
NHL
NFL
Soccer
Sports Teams
WWE
NCAA
Football
Premier League
Basketball
Baseball
Hockey
Golf
Tennis
Cricket
Rugby
Auto Racing
Olympics
World Cup
Sports
Athletes
MLB
NBA
NHL
NFL
Soccer
Sports Teams
WWE
NCAA
Football
Premier League
Basketball
Baseball
Hockey
Golf
Tennis
Cricket
Rugby
Auto Racing
Olympics
World Cup
Random Quiz
Search Sporcle
×
Quiz Lab
Quiz Lab
Sports
World
Type in answers that appear in a list
Type in answers that appear in a list
Classic
Best Score? Go Orange.
The Ultimate World Cup Test Stats
Can you name the these EXTREMELY HARD ANSWERS?
By
dchoi525
10m
40 Questions
151 Plays
151 Plays
151 Plays
Comments
Comments
Give Quiz Kudos
Give Quiz Kudos
-
- Ratings
hide this ad
More Info
Replay
Link that replays current quiz
Next Quiz
Link to next quiz in quiz playlist
You Got
0%
They Got
Avg Score
59%
Avg Friend Score
Upgrade to see
Score Distribution
Jump to the score distribution portion of the page
Score
0/40
Timer
10:00
0
Plays Today
Category
Answer
% Correct
World Cup Winners
Brazil
99.3%
World Cup Winners
France
99.3%
Countries That Have Hosted Multiple Times (up to 2010)
France (1938, 1998)
99.3%
Last Five Hosts (Including 2014)
Brazil (2014)
99.3%
Last Five Hosts (Including 2014)
France (1998)
99.3%
World Cup Winners
Germany (West Germany)
98.7%
Countries That Have Hosted Multiple Times (up to 2010)
Germany (West Germany, 1974, 2006)
98.7%
World Cup Winners
Italy
98%
Countries That Have Hosted Multiple Times (up to 2010)
Italy (1934, 1990)
98%
Last Five Hosts (Including 2014)
Germany (2006)
98%
World Cup Winners
Argentina
93.4%
World Cup Winners
Uruguay
90.7%
World Cup Winners
England
89.4%
Last Five Hosts (Including 2014)
South Africa (2010)
82.8%
Last Three Top Scorers
Ronaldo (Brazil, 2002)
80.8%
Last Five Golden Ball Winners
Ronaldo (Brazil, 1998)
80.8%
Last Five Golden Ball Winners
Zinedine Zidane (France, 2006)
78.1%
How Many Times Have Italy Won the World Cup?
Four
76.2%
Countries That Have Hosted Multiple Times (up to 2010)
Mexico (1970, 1986)
68.9%
Last Five Hosts (Including 2014)
Korea and Japan (2002)
67.5%
Category
Answer
% Correct
Last Five World Cup Winning Captains
Fabio Cannavaro (Italy, 2006)
60.3%
Last Three Top Scorers
Miroslav Klose (Germany, 2006)
58.9%
Last Five World Cup Winning Captains
Cafu (Brazil, 2002)
49.7%
Last Five World Cup Winning Managers
Marcello Lippi (Italy, 2006)
45.7%
Last Five World Cup Winning Managers
Luiz Felipe Scolari (Brazil, 2002)
45.7%
Last Five World Cup Winning Captains
Dunga (Brazil, 1994)
45.7%
Last Five World Cup Winning Captains
Didier Deschamps (France, 1998)
41.1%
Last Five Golden Ball Winners
Romario (Brazil, 1994)
37.1%
Last Three Top Scorers
Davor Suker (Croatia, 1998)
33.8%
Last Five Golden Ball Winners
Oliver Kahn (Germany, 2002)
31.8%
Last Five World Cup Winning Managers
Franz Beckenbauer (West Germany, 1990)
30.5%
Last Five World Cup Winning Captains
Lothar Matthäus (West Germany, 1990)
29.1%
Last Five World Cup Winning Managers
Aime Jacquet (France, 1998)
23.2%
Last Five World Cup Winning Managers
Carlos Alberto Parreira (Brazil, 1994)
16.6%
Last Five Golden Ball Winners
Salvatore Schillaci (Italy, 1990)
9.3%
Last Five World Cup Mascots (Including 2010)
Footix (France 1998)
6%
Last Five World Cup Mascots (Including 2010)
Zakumi (South Africa 2010)
5.3%
Last Five World Cup Mascots (Including 2010)
Goleo (Germany 2006)
2%
Last Five World Cup Mascots (Including 2010)
Striker (USA 1994)
2%
Last Five World Cup Mascots (Including 2010)
Ato, Kaz and Nik (Korea and Japan 2002)
1.3%
Quiz Playlist
Details
Report
Send in Message
Add To Playlist
More Info:
You will not be able to get any of these answers right.
Classic:
Type in answers that appear in a list
Last Updated: Feb 16, 2017
Quiz Scoreboard
CHALLENGE
Sign Up to Join the Scoreboard
Show All
Scores
Hide
Comments
May contain spoilers
Recently Published
Image Sorting: Flags VI
by Barbecue
Geography
2m
Find the 'City' Movie
by crazypaving
Movies
60s
Colored Red Africa Blitz
by spor1
Geography
45s
More to Explore
Quiz From the Vault
Featured Blog Post
14 Easter Pick-up Lines to Find Eggs With
hide this ad
You Might Also Like...
Tags
World Quiz
Category
cup
test
ultimate
Today's Top Quizzes in Sports
Browse Sports
hide this ad
Today's Top Quizzes in World
Browse World
Top Contributed Quizzes in Sports
1
Les meilleurs buteurs des matchs entre le PSG et l’OM
2
Les entraîneurs de l'OM et du PSG au 21e siècle
3
Les joueurs passés par le PSG et l'OM
4
2022 World Cup Stars
5
Players with Multiple 50 Home Run Seasons
6
Criteria MLB: Left Handed Sluggers
7
Les joueurs passés par le LOSC et le RC Lens
8
NBA Logic Puzzle 2.0
9
MLB Players with Two .350 Batting Average Seasons
10
FIFA Club World Cup Champions
Explore More
Trending Topics
Crossword
Marvel
Kpop
Harry Potter
Anime
Disney
NBA
Song
WWE
Country
Soccer
The Office
NFL
Pokémon
Puzzle
hide this ad
More By:
dchoi525
Quiz
Plays
Rating
Category
Featured
Created
NHL Player Nationalities
3,235
4.00
Sports
Oct 5, 2009
Street Fighter Characters' Countries
2,266
4.38
Gaming
Feb 28, 2010
Star Wars KOTOR 2 Party Members
768
3.00
Gaming
Feb 28, 2010
Relocated NHL Team Quiz
511
1.33
Sports
Oct 4, 2009
Buffalo Wild Wings Sauces
418
4.14
Miscellaneous
Oct 3, 2009
Go to Creator's Profile
Score Distribution
Quiz Creator Spotlight
dchoi525
Follow
Send a Message
Quizzes Created
-
Created Quiz Play Count
-
More By This Creator
Popular Quizzes Today
1
Colored Red Africa Blitz
2
Find the US States - No Outlines Minefield
3
Find the 'City' Movie
4
5x2 Blitz: Bands
5
The Countries of the World
6
Find the US States
7
Find the Countries of Europe - No Outlines Minefield
8
US States
More Sports Quizzes
Olympic Cities First Letter Blitz
Published
Trending Quizzes
Colored Red Europe Blitz I
Colored Red Europe Blitz II
Colored Red Africa Blitz II
Colored Red Europe Blitz III
Colored Red Africa Blitz III
Recently Updated
How Do You Spell That?
pecheneg
Godzilla Movies
pecheneg
Grab Bag: 4-10 Letters
pecheneg
2024 March Madness Bracket
pecheneg
Famous TV Couples
Peacemaker
Champions League XIs: Real Madrid
pecheneg
Largest US Cities 1790-2010
pecheneg
Rides in Walt Disney World
pecheneg
Most Oscar Losses (Acting)
pecheneg
Beyoncé Albums
pecheneg
Trending Topics
Harry Potter
Kpop
Marvel
Anime
Disney
NBA
Crossword
Country
Pokémon
WWE
Soccer
Puzzle
The Office
NFL
Song
Your Account Isn't Verified!
In order to create a playlist on Sporcle, you need to verify the email address you used during registration. Go to your
Sporcle Settings
to finish the process.
Report this User
Report this user for behavior that violates our
Community Guidelines
.
Details:
Send Report
Go to the Sporcle.com Mobile Site →
Comments